000 00638nam a2200229Ia 4500
003 GCL
008 140319s9999 xx 000 0 ara d
040 _aGCL /
_cGCL
082 0 4 _a813.087
_bح ث
100 1 _aحلمى سالم
245 1 0 _aالثقافة تحت الحصار /
_cحلمى سالم
260 _a[S.N] :
_bدار شهدى للنشر ،
_c1984
300 _a245 ص
490 _a
650 0 4 _aالادب العربى
650 0 4 _aمصر
650 0 4 _aتاريخ
650 0 4 _aبيروت
650 0 4 _aالصراع العربى الاسرائيلى
650 0 4 _aبيروت ,الحصار
942 _2ddc
_cBK
999 _c36360
_d36360